Rekurentné vzťahy pre aktuárov a ich aplikácia v oblasti zaistenia dizertačná práca
Gespeichert in:
| 1. Verfasser: | |
|---|---|
| Körperschaft: | |
| Weitere Verfasser: | |
| Format: | Buch |
| Sprache: | Slowakisch |
| Veröffentlicht: |
Bratislava
2012
|
| Schlagworte: | |
| Tags: |
Keine Tags, Fügen Sie das erste Tag hinzu!
|
MARC
| LEADER | 00000nbm a2200000 4500 | ||
|---|---|---|---|
| 001 | 0159891 | ||
| 005 | 20231130123423.8 | ||
| 041 | 0 | |a slo | |
| 044 | |a SK | ||
| 245 | 1 | 0 | |a Rekurentné vzťahy pre aktuárov a ich aplikácia v oblasti zaistenia |b dizertačná práca |c Michal Páleš ; školiteľ: Galina Horáková |
| 264 | 1 | |a Bratislava |c 2012 | |
| 300 | |a 148 s. | ||
| 610 | 2 | 0 | |a aktuári |
| 610 | 2 | 0 | |a zaistenie |
| 610 | 2 | 0 | |a riziko poistné |
| 100 | 1 | |a Páleš, Michal, 1984- | |
| 700 | 1 | |a Horáková, Galina | |
| 710 | 2 | |a Fakulta hospodárskej informatiky EU. Katedra matematiky | |